000 00717 a2200217 4500
001 62484
005 20260407155918.0
008 260407a1979 arg spa d
003 AR-UNSa-BCEJYS
040 _aAR-UNSa-BCEJYS
_bspa
_cAR-UNSa-BCEJYS
080 _a351
_xFunciones propias de la administración pública
245 1 0 _aGeografía de la administración
_pEl impacto espacial del ejecutivo en las capitales nacionales
020 _a978-84-7088-228-9
264 1 _aMadrid :
_bInstituto de Estudios de Administración Local
_c1979
300 _a479 p.
_c24 cm.
041 _aspa
942 _cBK
590 _aniveau_biblio:m niveau_hierar:0
100 1 _aBertrand, Michel-Jean
700 1 _aOya, Jesús J.
999 _c7678
_d7678